Départements Français par numéro - Statistiques

Statistiques générales
  • Ce quiz a été pris 128 fois
    117 depuis la dernière actualisation
  • Le résultat moyen est 53 sur 101
Statistiques - réponses
Numéro Réponse % Correct
1 Ain
98%
2 Aisne
94%
3 Allier
85%
6 Alpes-Maritimes
77%
2A Corse-du-Sud
77%
2B Haute-Corse
75%
5 Hautes-Alpes
73%
7 Ardèche
71%
10 Aube
71%
11 Aude
71%
4 Alpes-de-Haute-Provence
69%
15 Cantal
69%
13 Bouches-du-Rhône
67%
19 Corrèze
67%
14 Calvados
65%
75 Paris
65%
9 Ariège
63%
16 Charente
63%
29 Finistère
63%
42 Loire
63%
44 Loire-Atlantique
63%
34 Hérault
62%
45 Loiret
62%
93 Seine-St-Denis
62%
17 Charente-Maritime
60%
69 Rhône
60%
27 Eure
58%
33 Gironde
58%
43 Haute-Loire
58%
36 Indre
58%
8 Ardennes
56%
25 Doubs
56%
30 Gard
56%
32 Gers
56%
31 Haute-Garonne
56%
37 Indre-et-Loire
56%
38 Isère
56%
12 Aveyron
54%
18 Cher
54%
24 Dordogne
54%
26 Drôme
54%
971 Guadeloupe
54%
74 Haute-Savoie
54%
35 Ille-et-Vilaine
54%
972 Martinique
54%
83 Var
54%
91 Essonne
52%
28 Eure-et-Loir
52%
61 Orne
52%
974 Réunion
52%
73 Savoie
52%
22 Côte-d'Armor
50%
21 Côte-d'or
50%
23 Creuse
50%
976 Mayotte
50%
59 Nord
50%
62 Pas-de-Calais
50%
84 Vaucluse
50%
973 Guyane
48%
65 Hautes-Pyrénées
48%
50 Manche
48%
60 Oise
48%
63 Puy-de-Dôme
48%
78 Yvelines
48%
40 Landes
46%
41 Loir-et-Cher
46%
51 Marne
46%
54 Meurthe-et-Moselle
46%
64 Pyrénées-Atlantiques
46%
77 Seine-et-Marne
46%
67 Bas-Rhin
44%
68 Haut-Rhin
44%
66 Pyrénées-Orientales
44%
94 Val-de-Marne
44%
52 Haute-Marne
42%
92 Hauts-de-Seine
42%
39 Jura
42%
53 Mayenne
42%
55 Meuse
42%
56 Morbihan
42%
57 Moselle
42%
76 Seine-Maritime
42%
95 Val-d'Oise
42%
85 Vendée
42%
46 Lot
40%
47 Lot-et-Garonne
40%
49 Maine-et-Loire
40%
90 Territoire-de-Belfort
40%
72 Sarthe
38%
81 Tarn
38%
89 Yonne
38%
70 Haute-Saône
37%
71 Saône-et-Loire
35%
82 Tarn-et-Garonne
35%
88 Vosges
35%
48 Lozère
33%
80 Somme
33%
86 Vienne
33%
87 Haute-Vienne
31%
58 Nièvre
31%
79 Deux-Sèvres
27%
Aucun quiz correspondant
Distribution des résultats
% des personnes avec chaque résultat
Percentile par nombre de réponses
Votre historique - résultats
Vous n’avez pas pris ce quiz depuis la dernière actualisation